| 000 | 005720000a22001810004500 | ||
|---|---|---|---|
| 003 | MACL | ||
| 005 | 20160316164800.0 | ||
| 008 | 160316b xxu||||| |||| 00| 0 eng d | ||
| 040 |
_aMACL _cMACL |
||
| 041 | _aHindi | ||
| 082 | _a415 | ||
| 100 |
_aशास्त्री प्रो. परमानन्द _946729 |
||
| 245 | _aश्री पिंग्डल - पीयूष | ||
| 260 |
_bओरिएण्टल बुकडिपो _c1953 _aनई दिल्ली |
||
| 350 | _a2 | ||
| 650 |
_aGrammer _946730 |
||
| 942 |
_cHIN _k415 _2ddc |
||
| 999 |
_c23080 _d23080 |
||